000
00266nam a2200121Ia 4500
008
190216s9999||||xx |||||||||||||| ||und||
100
_a
Jatin Mohanty
245
0
_a
Ten Short Stories
260
_b
Dc Books
_c
1983
300
_a
117
650
_a
English
942
_c
BK
999
_c
14204
_d
14204